000 00979nam a2200265Ia 4500
003 OSt
005 20221005104303.0
006 a|||||r|||| 00| 0
007 ta
008 221004b |||||||| |||| 00| 0 hin d
020 _a9788177023343 (hbk)
_c2500
024 _a13490
037 _b694/1, 28/02/2014, Vidyanidhi Prakashan
_cTextual
040 _aCRL
_cCRL
_bhin
041 _2hin
_ahin
082 _aND44,9(Q2), 152Q4
100 _aशर्मा, बृज किशोर
245 0 _aहिन्दु प्रतिमा विज्ञान
246 _aHindu pratimā vijnyāna
260 _aदिल्ली
_bप्रतिभा प्रकाशन भारत
_c2014
300 _a134पृ0
_ccm.
650 _aल्थ्ल्त् क्ल्ज्ञ
942 _hND44,9(Q2), 152Q4
_cTEXL
_2cc
999 _c1012278
_d1012278